000 00430nam a2200181Ia 4500
005 20240823062441.0
008 240823s9999||||xx |||||||||||||| ||und||
041 _aENGLISH
082 _A620.11 N0
100 _aRangwala
245 0 _aEngineering Materials
250 _a14th
260 _c1990
_b"Charotar,Anand"
500 _aTRANSFERED
650 _aMaterials
_bAeronautical Engineering
942 _cBK
999 _c235905
_d235905